Análisis del bacheo como estrategia de atención de la red vial nacional pavimentada de Costa Rica
Salvato in:
| Autore principale: | |
|---|---|
| Natura: | Libro |
| Lingua: | Spanish |
| Pubblicazione: |
[San José], Costa Rica
2016
|
| Soggetti: |
INGENIERÍA DE CARRETERAS - COSTA RICA
> CARRETERAS - EVALUACION - COSTA RICA
> PAVIMENTOS DE ASFALTO - EVALUACION - COSTA RICA
> CAPAS SUPERPUESTAS DE PAVIMENTO - DISEÑO Y CONSTRUCCION
> CAPAS SUPERPUESTAS DE PAVIMENTO - DISEÑO Y CONSTRUCCION - PRUEBAS
> PAVIMENTOS FLEXIBLES - MANTENIMIENTO Y REPARACION
> PAVIMENTOS DE ASFALTO - MANTENIMIENTO Y REPARACION - COSTA RICA
> CARRETERAS - MANTENIMIENTO Y REPARACION
> CONSTRUCCION DE CARRETERAS
> CAPAS SUPERPUESTAS DE PAVIMENTO
|
| Tags: |
Aggiungi Tag
Nessun Tag, puoi essere il primo ad aggiungerne!!
|
MARC
| LEADER | 00000nam a22000007a 4500 | ||
|---|---|---|---|
| 003 | 012465 | ||
| 005 | 20221231144117.0 | ||
| 008 | 160922b2016 cr a|||| |||| 00| ||spa d | ||
| 040 | |c cru CEDI | ||
| 090 | |a TFG 7622 | ||
| 100 | |9 5323 |a Solis Brenes, Adrían Mauricio | ||
| 245 | |a Análisis del bacheo como estrategia de atención de la red vial nacional pavimentada de Costa Rica | ||
| 260 | |a [San José], Costa Rica |c 2016 | ||
| 300 | |a vi, 89 [32] hojas; ilustraciones algunas a color | ||
| 500 | |a Proyecto de graduación (licenciatura en ingeniería civil)--Universidad de Costa Rica. Facultad de Ingeniería. Escuela de Ingeniería Civil | ||
| 650 | |x INGENIERÍA DE CARRETERAS - COSTA RICA |x CARRETERAS - EVALUACION - COSTA RICA |x PAVIMENTOS DE ASFALTO - EVALUACION - COSTA RICA |x CAPAS SUPERPUESTAS DE PAVIMENTO - DISEÑO Y CONSTRUCCION |x CAPAS SUPERPUESTAS DE PAVIMENTO - DISEÑO Y CONSTRUCCION - PRUEBAS |x PAVIMENTOS FLEXIBLES - MANTENIMIENTO Y REPARACION |x PAVIMENTOS DE ASFALTO - MANTENIMIENTO Y REPARACION - COSTA RICA |x CARRETERAS - MANTENIMIENTO Y REPARACION |x CONSTRUCCION DE CARRETERAS |x CAPAS SUPERPUESTAS DE PAVIMENTO |9 5324 | ||
| 942 | |c TFG | ||
| 999 | |c 17045 |d 17045 | ||
